Normal view
MARC view
- Muhammad Ali Bin Mushtaq Muhammad Usama Mustafa Noor-ul-Ain
Entry Personal Name
001 - CONTROL NUMBER
- control field: 128174
003 - CONTROL NUMBER IDENTIFIER
- control field: NUST
005 - DATE AND TIME OF LATEST TRANSACTION
- control field: 20250311123923.0
008 - FIXED-LENGTH DATA ELEMENTS
- fixed length control field: 250311|| aca||aabn | a|a d
040 ## - CATALOGING SOURCE
- Original cataloging agency: NUST
- Transcribing agency: NUST
100 ## - HEADING--PERSONAL NAME
- Personal name: Muhammad Ali Bin Mushtaq Muhammad Usama Mustafa Noor-ul-Ain
670 ## - SOURCE DATA FOUND
- Source citation: Work cat.: (NUST): Muhammad Ali Bin Mushtaq Muhammad Usama Mustafa Noor-ul-Ain, PR-SOF-2402-Specific Emitter Identification, 2024.
